[Event "LSS CP-2009-P-00068"]
[Site "LSS email"]
[Date "2009.09.27"]
[Round "?"]
[White "Lannoy, Jean Claude Albert"]
[Black "Cesbron, Guy"]
[Result "0-1"]
[WhiteElo "1644"]
[BlackElo "2040"]
[PlyCount "92"]
[EventDate "2009.10.01"]
[EventType "tourn (corr)"]
[EventRounds "6"]
[EventCountry "GER"]
[SourceTitle "Corr 2013"]
[Source "ChessBase"]
[SourceDate "2012.11.12"]
[SourceVersion "1"]
[SourceVersionDate "2012.11.12"]
[SourceQuality "1"]
[WhiteTeam "US of America"]
[BlackTeam "US of America"]
[WhiteTeamCountry "USA"]
[BlackTeamCountry "USA"]

1. e4 c5 2. Nc3 Nc6 3. g3 g6 4. Bg2 Bg7 5. d3 d6 6. f4 e6 7. Nf3 Nge7 8. 0-0 0-0 9. Be3 Nd4 10. Rb1 Bd7 11. Ne2 Nxf3+ 12. Bxf3 Qc7 13. Qd2 Rad8 14. c4 b6 15. g4 f5 16. gxf5 gxf5 17. Ng3 Bc6 18. Nh5 Ng6 19. Kh1 Rd7 20. Qe2 Qb7 21. exf5 Nh4 22. Bxc6 Qxc6+ 23. Kg1 Nxf5 24. Kf2 Bd4 25. Bxd4 Nxd4 26. Qg4+ Kh8 27. b3 Rdf7 28. Rg1 Qc7 29. Rbf1 e5 30. Ke1 exf4 31. Rxf4 Rxf4 32. Nxf4 Qe7+ 33. Kd1 Qe5 34. Qg2 Nf5 35. Nd5 Qd4 36. Kc1 Ng7 37. Nc7 d5 38. Qxg7+ Qxg7 39. Rxg7 Rf1+ 40. Kd2 Kxg7 41. cxd5 Rf2+ 42. Kc3 Rxa2 43. h3 Kf7 44. Ne6 Ke7 45. Ng5 h6 46. Nf3 Kd6 0-1

[Event "IECC CL5-2009.18 email"]
[Site "IECC email"]
[Date "2009.09.08"]
[Round "?"]
[White "Lannoy, Jean Claude Albert"]
[Black "Erillinen, Alp"]
[Result "1-0"]
[WhiteElo "1339"]
[BlackElo "1468"]
[PlyCount "47"]
[EventDate "2009.??.??"]
[EventType "tourn (corr)"]
[EventRounds "4"]
[SourceTitle "Telechess CBM 137"]
[Source "ChessBase"]
[SourceDate "2010.07.15"]
[SourceVersion "1"]
[SourceVersionDate "2010.07.15"]
[SourceQuality "1"]
[BlackTeam "Turkey"]
[BlackTeamCountry "TUR"]

1. b4 a5 2. b5 d5 3. Bb2 Nf6 4. e3 Bf5 5. Nf3 Nbd7 6. Be2 e6 7. 0-0 Bd6 8. d4 h6 9. c4 dxc4 10. Bxc4 0-0 11. Nc3 Nb6 12. Bd3 Bxd3 13. Qxd3 Nbd5 14. e4 Nxc3 15. Bxc3 Bb4 16. Bb2 Re8 17. Rac1 Rc8 18. Rfd1 Nh7 19. a3 Be7 20. Ne5 Bf6 21. Nc4 Bg5 22. Rc2 Nf8 23. Nxa5 c5 24. Nxb7 1-0

[Event "LSS SD-2009-0-00036"]
[Site "LSS email"]
[Date "2009.08.31"]
[Round "?"]
[White "Lannoy, Jean Claude Albert"]
[Black "Schalkwijk, Peter H"]
[Result "1/2-1/2"]
[WhiteElo "1339"]
[BlackElo "1509"]
[PlyCount "68"]
[EventDate "2009.06.21"]
[EventType "tourn (corr)"]
[EventRounds "6"]
[EventCountry "GER"]
[SourceTitle "Telechess CBM 137"]
[Source "ChessBase"]
[SourceDate "2010.07.15"]
[SourceVersion "1"]
[SourceVersionDate "2010.07.15"]
[SourceQuality "1"]

1. f4 Nf6 2. Nf3 g6 3. e3 Bg7 4. Be2 0-0 5. 0-0 d6 6. Qe1 Bg4 7. d3 Nbd7 8. Nc3 c6 9. Bd2 Qb6 10. Rb1 Bxf3 11. Rxf3 e5 12. Kh1 d5 13. f5 e4 14. Rh3 exd3 15. cxd3 Rae8 16. Qh4 h6 17. Rg3 g5 18. Qa4 a6 19. d4 Re7 20. Qc2 Rfe8 21. Bf3 Qd8 22. Rf1 Nb6 23. b3 Nc8 24. Be2 Nd6 25. Bd3 Nde4 26. Nxe4 Nxe4 27. Bxe4 Rxe4 28. Qd1 Qd6 29. Qf3 Qf6 30. b4 b6 31. Rc1 Qe7 32. Rg4 Rxg4 33. Qxg4 Qd7 34. Qf3 Re4 1/2-1/2